Linear algebra over commutative rings /

Guardado en:
Autor Principal: McDonald, Bernard R.
Formato: Libro
Idioma:English
Publicado: New York : M. Dekker, c1984.
Series:Monographs and textbooks in pure and applied mathematics ; v. 87.
Materias:
Etiquetas: Agregar Etiqueta
Sin Etiquetas, Sea el primero en etiquetar este registro!
LEADER 00829pam a2200253 a 4500
001 MAT.inmabb006180
008 840827s1984####nyu######b####001#0#eng##
005 20130315125116.0
245 1 0 |a Linear algebra over commutative rings /  |c Bernard R. McDonald. 
260 |a New York :  |b M. Dekker,  |c c1984. 
300 |a viii, 544 p. ;  |c 24 cm. 
490 1 |a Pure and applied mathematics ;  |v 87 
504 |a Bibliografía: p. 505-539. 
500 |a Incluye índice. 
510 4 |a MR,  |c 86d:13008 
020 |a 0824771222 
100 1 |a McDonald, Bernard R. 
830 0 |a Monographs and textbooks in pure and applied mathematics ;  |v v. 87. 
650 0 |a Commutative rings. 
650 0 |a Algebras, Linear. 
084 |a 13C10 (13-02 15A33)  |2 msc2000 
010 |a  84019935  
040 |a DLC  |c DLC  |d DLC 
859 |h 13  |i M135  |p A-5929  |b BIB. MATEMATICA